000 01694cam a22002655a 4500
001 L144313
008 080709s2008 xxk f lf000 0 eng d
035 _a(Sirsi) u144313
041 0 _aeng
050 0 4 _a346.41043 $2 18
110 2 _aUnited Kingdom
_bLand Registry
_94774
245 0 4 _aThe Land Registration (Network Access) Rules 2008
_h[electronic resource]
260 _aLondon
_bOPSI
_c2008
490 0 _aSI
_v(1748) 2008
505 2 _aGeneral: Citation and commencement -- Interpretation -- Types of network access agreement -- Criteria to be met by an applicant for entry into a network access agreement: The criteria referred to in paragraph 1(4) of Schedule 5 to the Act -- Terms of access: Terms which must be included in network access agreements -- Termination of access by the registrar -- Termination of a full network access agreement by the registrar -- Immediate termination -- Termination after notice -- Giving of notice -- Suspension of termination pending appeal -- Termination of all network access agreements
505 2 _aSchedule 1: The criteria for entry into a full network access agreement -- Schedule 2: Terms which much be included in a full network access agreement -- Schedule 3: The grounds on which the registrar may terminate a full network access agreement
520 _aCame into force 3 July 2008.
521 _aAdvanced
590 _aKA NTK
650 2 4 _aLAND REGISTRATION ACT 2002
651 4 _aEngland and Wales
_y1543-
690 _aPROPERTY-PROPERTY ACQUISITION AND DISPOSAL-CONVEYANCING-ECONVEYANCING
856 4 8 _uhttps://www.opsi.gov.uk/si/si2008/uksi_20081750_en_1
_zView the item free of charge at www.opsi.gov.uk...
942 _n0
999 _c108451
_d108451